Music Quiz

Random Music Quiz

Can you name Muse music video from picture? (Slideshow) Quiz Stats

Quiz not verified by Sporcle

Challenge
Share
Tweet
Score 0/45 Timer 09:00
0 Plays Today
% Correct
Reapers (Lyric Video)
93.4%
Thought Contagion
91.7%
Panic Station
86.5%
Dead Inside
86.3%
Starlight
86.1%
Bliss
85.1%
Animals
82.5%
Hysteria
81.6%
Uprising
78.7%
Sunburn
76.6%
Dig Down
75.8%
Madness
74.5%
Knights of Cydonia
73.5%
Stockholm Syndrome
73.3%
Uno
72.6%
Plug in Baby
72.6%
The Handler (Lyric Video)
72.3%
Time Is Running Out
72.3%
Resistance
72.1%
Invincible
71.6%
New Born
71.2%
Survival
70.7%
Undisclosed Desires
69.7%
% Correct
Unintended
69%
Aftermath
67.1%
Psycho (Lyric Video)
67.1%
Sing for Absolution
66.7%
New Kind of Kick
65.7%
Revolt
65.5%
Supremacy
64.5%
Muscle Museum
61.9%
Hyper Music
59.8%
Dead Star
58.2%
Supermassive Black Hole
56.5%
Feeling Good
54.1%
Mercy
52.7%
[JFK] + Defector (Lyric Video)
51.3%
The 2nd Law: Unsustainable
47.3%
Neutron Star Collision
44.9%
In Your World
42.1%
Follow Me
41.1%
The 2nd Law: Isolated System
40.9%
Butterflies and Hurricanes
35.5%
MK Ultra
32.9%
Exogenesis: Symphony Part 3 (Redemption)
28.8%

You're not logged in!

Compare scores with friends on all Sporcle quizzes.
Sign Up with Email
OR
Log In

You Might Also Like...

Show Comments

Extras

Top Quizzes Today


Score Distribution

Your Account Isn't Verified!

In order to create a playlist on Sporcle, you need to verify the email address you used during registration. Go to your Sporcle Settings to finish the process.

Report this User

Report this user for behavior that violates our Community Guidelines.

Details: